000 00470nam a2200169Ia 4500
999 _c12079
_d12079
003 OSt
005 20201020095353.0
008 190216s9999||||xx |||||||||||||| ||und||
040 _coclc
082 _a920
_bGAN/P
100 _aGandhi, M K
_93322
245 0 _aMy Philosophy Of Life /
_cM K Gandhi
260 _bPearl Publications,
_c1961.
_aBombay:
300 _a272p
650 _aEnglish Literature
942 _cBK
_2ddc
_h920
_iGAN/P
_k920
_mGAN/P